| 000 | 03542nam a22004213i 4500 | ||
|---|---|---|---|
| 001 | EBC31689974 | ||
| 003 | MiAaPQ | ||
| 005 | 20250225161106.0 | ||
| 007 | cr cnu|||||||| | ||
| 008 | 250225s2024 xx o ||||0 ger d | ||
| 020 |
_a9783657794836 _q(electronic bk.) |
||
| 020 | _z9783506794833 | ||
| 040 |
_aMiAaPQ _beng _cMiAaPQ |
||
| 100 | 1 |
_aBlaschke, Olaf. _965905 |
|
| 245 | 1 | 0 |
_aGefährdete Demokratie : _bRechtskatholizismus in der Weimarer Republik. |
| 250 | _a1st ed. | ||
| 264 | 1 |
_aBoston : _bBRILL, _c2024. |
|
| 264 | 4 | _c{copy}2024. | |
| 300 | _a1 online resource (389 pages) | ||
| 336 |
_aText _btxt _2rdacontent |
||
| 337 |
_aComputermedien _bc _2rdamedia |
||
| 338 |
_aOnline Resource _bcr _2rdacarrier |
||
| 490 | 1 |
_aForschungen Zur Regionalgeschichte Series ; _vv.90 |
|
| 500 | _aE-Book-ProQuest / Fernzugriff nach Registrierung möglich | ||
| 505 | 0 | _aFront Cover -- Half Title -- Series Information -- Title Page -- Copyright Page -- Inhalt -- Vorwort -- Einführung -- Kapitel 1 Rechtskatholiken und Zentrumspartei in der Weimarer Republik -- Rechtskatholizismus (1918-1933) - Definition und Abgrenzung -- Kapitel 2 Die Rechtskatholiken als politisches Phänomen in der Weimarer Republik: Ursprünge - Strukturen - Entwicklungen -- Kapitel 3 Existierte in der Weimarer Republik neben dem Nationalprotestantismus auch ein expliziter ‚Rechtsprotestantismus'? -- Kapitel 4 ‚Rechtskatholizismus' in der Weimarer Republik: Zur Karriere eines 68er-Begriffs und zur Frage, was die Zeitgenossen dazu sagten -- Rechtskatholizismus und Amtskirche -- Kapitel 5 Die römische Kurie, Nuntius Eugenio Pacelli und der deutsche Rechtskatholizismus -- Kapitel 6 Kardinal Bertram, das katholische Adelsnetzwerk Schlesiens und der Rechtskatholizismus -- Rheinisch-westfälische Netzwerke -- Kapitel 7 Martin Spahn und die Netzwerke des Rechtskatholizismus im Rheinland und in Westfalen -- Kapitel 8 Zwischen Rechtskatholizismus und Zentrumspartei: Das Beispiel Franz Graf von Galens -- Überregionale und transnationale Perspektiven -- Kapitel 9 Katholisches Denken in der Krise. Das Denken rechter katholischer Intellektueller zwischen 1918 und 1939 in England, Deutschland und Österreich im Vergleich -- Kapitel 10 Volkstum, Glaube und Rechtskatholizismus? Katholische Minderheitsdiskurse zwischen Politik und Religion 1918-1934 -- Kapitel 11 Der italienische Faschismus im Urteil des politischen Katholizismus in der Weimarer Republik -- Gegenwartsperspektiven: Wie viel ‚Katholisches' steckt heute in rechten Strömungen? -- Kapitel 12 Rechtspopulistische Radikalisierungen im konservativ-katholischen Milieu der Bundesrepublik Deutschland. | |
| 505 | 8 | _aKapitel 13 Rechtskatholizismus heute: Fundamentalistische Strömungen im katholischen Glaubensspektrum und Autoritarismus als eine Wurzel fundamentalistischer Religiosität -- Autorinnen und Autoren, Herausgeber und Herausgeberinnen -- Personenregister -- Back Cover. | |
| 655 |
_aFernzugriff _9230 |
||
| 655 | 4 | _aElectronic books. | |
| 700 | 1 |
_aHitze, Guido. _965906 |
|
| 700 | 1 |
_aKörber, Manfred. _965907 |
|
| 700 | 1 |
_aKöster, Markus. _965908 |
|
| 700 | 1 |
_aMölich, Georg. _965909 |
|
| 700 | 1 |
_aPaulus, Julia. _965910 |
|
| 776 | 0 | 8 |
_iPrint version: _aBlaschke, Olaf _tGefährdete Demokratie _dBoston : BRILL,c2024 _z9783506794833 |
| 830 | 0 |
_aForschungen Zur Regionalgeschichte Series _965911 |
|
| 856 | 4 | 0 |
_uhttps://ebookcentral.proquest.com/lib/maxweberstiftung-ebooks/detail.action?docID=31689974 _zVolltext |
| 942 | _cEB | ||
| 999 |
_c72190 _d72190 |
||